Transformačné cestovanie ako nový trend v cestovnom ruchu bakalárska práca

Gespeichert in:
Bibliographische Detailangaben
1. Verfasser: Fábry, Ján
Körperschaft: Obchodná fakulta EU. Katedra cestovného ruchu
Weitere Verfasser: Čakanišin, Adrián, 1997-
Format: Buch
Sprache:Slowakisch
Veröffentlicht: Bratislava 2024
Tags: Tag hinzufügen
Keine Tags, Fügen Sie das erste Tag hinzu!

MARC

LEADER 00000nbm a2200000 4500
001 0302399
005 20250812101144.8
041 0 |a slo 
044 |a SK 
245 1 0 |a Transformačné cestovanie ako nový trend v cestovnom ruchu  |b bakalárska práca  |c Ján Fábry ; školiteľ: Adrián Čakanišin 
264 1 |a Bratislava  |c 2024 
300 |a 49 s. 
100 1 |a Fábry, Ján 
700 1 |a Čakanišin, Adrián, 1997- 
710 2 |a Obchodná fakulta EU. Katedra cestovného ruchu